Statistiques concernant A quel personnage de Marvel appartient cette affirmation ?

Cliquez ici pour prendre le quiz!

Statistiques générales

  • Ce quiz a été pris 306 fois
  • Le résultat moyen est 3 sur 10

Statistiques - réponses

AffirmationRéponse% Correct
Son nom complet est Peter Benjamin Parker.Spider-Man
99%
A été interprété par Chadwick Boseman au cinéma.Black Panther
90%
Etait gris au premier numéro puis devint vert pour la suite des Comics.Hulk
63%
Ses armes favorites sont deux sabres japonais.Deadpool
33%
Nom de l'intelligence artificielle de Tony Stark qui a remplacé J.A.R.V.I.S.F.R.I.D.A.Y.
33%
Formée par les plus grands maîtres en arts martiaux, elle est devenue une kunoichi (ninja) et une tueuse professionnelle.Elektra
12%
Couleur de la Dynamo.Pourpre
6%
A travaillé au cabinet Goodman, Lieber, Kurtzberg & Holliway.Miss Hulk
3%
Stan Lee et Jack Kirby prirent comme référence Martin Luther King pour le créer.Professeur Xavier
1%
Sa première mission consista à tester la force de Hulk lors d'un combat singulier avec le Titan vert.Sasquatch
0%

Distribution des résultats

Percentile par nombre de réponses

% des personnes avec chaque résultat

Votre développement - résultats

Vous n’avez pas pris ce quiz